Countries of Tottenham Players - Statistics

General Stats
  • This quiz has been taken 26 times
  • The average score is 51 of 62
Answer Stats
Hint Answer % Correct
1998 Argentina
100%
2005 Brazil
100%
2008 Croatia
100%
1992 England
100%
1994 Germany
100%
1993 Ireland
100%
1997 Portugal
100%
1992 Scotland
100%
2001 Serbia
100%
1992 Spain
100%
2004 Sweden
100%
1992 Wales
100%
1997 Algeria
94%
2002 Belgium
94%
1996 Denmark
94%
2005 Finland
94%
1997 France
94%
1997 Italy
94%
1998 Netherlands
94%
1992 Norway
94%
2022 Poland
94%
2016 Slovakia
94%
2001 United States
94%
2001 Uruguay
94%
2015 Austria
89%
1992 Iceland
89%
2002 Japan
89%
2004 Morocco
89%
1994 Romania
89%
2008 Russia
89%
2002 Slovenia
89%
2005 South Korea
89%
1996 Switzerland
89%
2004 Australia
83%
2001 Canada
83%
2017 Colombia
83%
2004 Hungary
83%
1992 Northern Ireland
83%
2003 South Africa
83%
2006 Bulgaria
78%
2004 Czech Republic
78%
2004 Egypt
78%
2007 Ghana
78%
1993 Israel
78%
2008 Mexico
78%
2021 Senegal
78%
2000 Ukraine
78%
2016 Kenya
72%
2003 Mali
72%
2011 New Zealand
72%
2004 Cameroon
67%
2021 Estonia
67%
2008 Honduras
67%
2006 Ivory Coast
67%
2010 Jamaica
61%
2018 Cyprus
56%
2010 DR Congo
56%
2013 Angola
50%
2011 Togo
50%
2010 Sierra Leone
44%
2010 Trinidad and Tobago
39%
1996 Zimbabwe
33%
No matching quizzes found
Score Distribution
Percent of People with Each Score
Percentile by Number Answered
Your Score History
You have not taken this quiz